The Mine/ (Record no. 204020)

MARC details
000 -LEADER
fixed length control field 00561nam a22001937a 4500
005 - DATE AND TIME OF LATEST TRANSACTION
control field 20240911124458.0
010 ## - LCCN (DPL NO)
LC control number ENG-140822
020 ## - INTERNATIONAL STANDARD BOOK NUMBER
Terms of availability 499.00
International Standard Book Number 9789357319331
035 ## - SYSTEM CONTROL NUMBER
System control number EN-124354
037 ## - SOURCE OF ACQUISITION
Source of stock number/acquisition DBAD
082 ## - DEWEY DECIMAL CLASSIFICATION NUMBER
Classification number N
100 ## - MAIN ENTRY--PERSONAL NAME
Personal name Ray, Arnab
245 ## - TITLE STATEMENT
Title The Mine/
Statement of responsibility, etc By Arnab Ray
260 ## - PUBLICATION, DISTRIBUTION, ETC. (IMPRINT)
Place of publication, distribution, etc Hachette Book Publishing India Pvt. Ltd
Name of publisher, distributor, etc 4th & 5th Floors, Corporate Centre,
Date of publication, distribution, etc 2024
270 ## - ADDRESS
City Gurugram
Address Plot NO, 94, Sector 44, Gururgram;
Postal code 122003,
300 ## - PHYSICAL DESCRIPTION
Extent 278pg.
Dimensions 20cm(pb)
600 ## - SUBJECT ADDED ENTRY--PERSONAL NAME
Dates associated with a name Arnab Ray
942 ## - ADDED ENTRY ELEMENTS (KOHA)
Source of classification or shelving scheme Dewey Decimal Classification
Item type English Books
Classification part N
Call number suffix RAY
Holdings
Withdrawn status Lost status Not for loan Collection code Home library Current library Date acquired Source of acquisition Cost, normal purchase price Full call number Barcode Copy number Cost, replacement price Koha item type
      Non-fiction Shahdara Branch Shahdara Branch 08/07/2024 DBAD 499.00 N RAY EN-124354 1 499.00 English Books

© Delhi Public Library
Hit Counter
free hit counter